Online
Catalog

Lincoln / (Record no. 22852)

MARC details
000 -CABECERA
campo de control de longitud fija 00762nam a2200241 a 4500
001 - NÚMERO DE CONTROL
campo de control 000023355
005 - FECHA Y HORA DE LA ÚLTIMA TRANSACCIÓN
campo de control 20200930022148.0
008 - DATOS DE LONGITUD FIJA--INFORMACIÓN GENERAL
campo de control de longitud fija 101203s1994 sp r 000 0 spa d
020 ## - NÚMERO INTERNACIONAL ESTÁNDAR DEL LIBRO
Número Internacional Estándar del Libro 8440643667
040 ## - FUENTE DE LA CATALOGACIÓN
Centro catalogador/agencia de origen DO-SdBNP
Lengua de catalogación spa
Centro/agencia transcriptor BNPHU
082 ## - NÚMERO DE LA CLASIFICACIÓN DECIMAL DEWEY
Número de clasificación 928.1
Número de documento/Ítem V648L
049 ## - FONDOS LOCALES (OCLC)
Fondos de biblioteca BNGR
100 1# - ENTRADA PRINCIPAL--NOMBRE DE PERSONA
Nombre de persona Vidal, Gore
Fechas asociadas al nombre 1925-
9 (RLIN) 13576
245 10 - MENCIÓN DE TÍTULO
Título Lincoln /
Mención de responsabilidad, etc. Gore Vidal ; traducción, Carlos Peralta.
260 ## - PUBLICACIÓN, DISTRIBUCIÓN, ETC.
Lugar de publicación, distribución, etc. Barcelona, (España) :
Nombre del editor, distribuidor, etc. Ediciones B,
Fecha de publicación, distribución, etc. 1994.
300 ## - DESCRIPCIÓN FÍSICA
Extensión 990 p. ;
Dimensiones 17 cm.
490 1# - MENCIÓN DE SERIE
Mención de serie VIB
Designación de volumen o secuencia 143/1
500 ## - NOTA GENERAL
Nota general Título original. : Lincoln.
600 10 - PUNTO DE ACCESO ADICIONAL DE MATERIA--NOMBRE DE PERSONA
Nombre de persona LINCOLN, ABRAHAM,
Fechas asociadas al nombre 1809-1865
Subdivisión general BIOGRAFÍA
9 (RLIN) 48108
650 #4 - PUNTO DE ACCESO ADICIONAL DE MATERIA--TÉRMINO DE MATERIA
Término de materia o nombre geográfico como elemento de entrada Estados unidos
Subdivisión general Presidente(1861-1865: lincoln)
9 (RLIN) 48109
700 1# - PUNTO DE ACCESO ADICIONAL--NOMBRE DE PERSONA
Nombre de persona Peralta, Carlos
Término indicativo de función/relación tr
9 (RLIN) 48110
830 #0 - PUNTO DE ACCESO ADICIONAL DE SERIE-TÍTULO UNIFORME
Título uniforme VIB ;
Designación de volumen o secuencia 143/1
9 (RLIN) 48111
Holdings
Estado de retiro Estado de pérdida Restricciones de uso No para préstamo Código de colección Localización permanente Ubicación/localización actual Ubicación en estantería Fecha de adquisición Número de inventario Total de préstamos Signatura topográfica completa Código de barras Fecha visto por última vez Precio válido a partir de Tipo de ítem Koha
        Monografías: Libros y Folletos General General En catalogación 03.12.2010 LF1   928.1 V648L 23355-10 25.06.2020 25.06.2020 Préstamo en sala

Powered by Koha